[Event "Druzynowe Mistrzostwa Polski - II liga"]
[Site "Dom Wczasowy VIS Jastrzebia Gora"]
[Date "1899-12-30"]
[Round "8.33"]
[White "Golda, Sebastian"]
[Black "Cichon, Jakub"]
[Result "1-0"]
[WhiteTitle "k"]
[BlackTitle "I+"]
[WhiteElo "2105"]
[BlackElo "1940"]

1. e4 e6 2. Qe2 c5 3. g3 Nc6 4. Nf3 d6 5. Bg2 g6 6. c3 Bg7 7. O-O Nge7 8. d3 O-O
9. a3 b5 10. Rd1 Qc7 11. d4 Rb8 12. Be3 Na5 13. Nbd2 Ba6 14. b4 cxd4 15. cxd4
Nc4 16. Rac1 Qd7 17. Nxc4 bxc4 18. Rc3 Rfc8 19. Rdc1 h6 20. Qd2 Kh7 21. h4 Rc7
22. Qc2 Bb5 23. Bf1 d5 24. Bf4 Rbc8 25. Ne5 Qe8 26. h5 Rb7 27. hxg6+ fxg6 28.
Rf3 Nc6 29. Nxc6 Bxc6 30. e5 Ba4 31. Qb1 a5 32. Bd2 axb4 33. axb4 Bb3 34. Bh3
Ra8 35. Qb2 Ra2 36. Qc3 Rf7 37. Rxf7 Qxf7 38. Ra1 Rc2 39. Qe3 h5 40. Ra6 c3 41.
Bxc3 Bh6 42. f4 Qc7 43. Bd2 Rb2 44. Qc3 Rb1+ 45. Kf2 Bc4 46. Rxe6 h4 47. Qc2 hxg3+
48. Kxg3 Rb3+ 49. Bc3 Kh8 50. Rxg6 Qh7 51. Bf5 Bf8 52. Rg4 Rxc3+ 53. Qxc3 Qxf5
54. Rg5 Qb1 55. Qd2 Qg1+ 56. Qg2 Qe3+ 57. Qf3 Qg1+ 58. Qg2 Qe3+ 59. Kg4 Be2+ 60.
Kf5 Qd3+ 61. Kf6 Qa6+ 62. e6 Bd3 63. Rg8+ Kh7 64. Rxf8 1-0

[Event "Druzynowe Mistrzostwa Polski - II liga"]
[Site "Dom Wczasowy VIS Jastrzebia Gora"]
[Date "1899-12-30"]
[Round "8.34"]
[White "Cichon, Bartlomiej"]
[Black "Owoc, Jakub"]
[Result "0-1"]
[WhiteTitle "I"]
[BlackTitle "I"]
[WhiteElo "1984"]
[BlackElo "1738"]

1. e4 c6 2. d4 d5 3. e5 Bf5 4. Nf3 h6 5. Be2 e6 6. O-O c5 7. Be3 Qc7 8. c3 Nc6
9. dxc5 Nge7 10. Bd4 g5 11. Bb5 Bg7 12. Re1 O-O 13. Qe2 Ng6 14. Bxc6 bxc6 15.
b4 Rae8 16. a4 g4 17. Nfd2 Nf4 18. Qe3 Nd3 19. Re2 Nc1 20. Re1 Nd3 21. Rd1 Nxe5
22. Qg3 Qb8 23. Na3 a6 24. Nf1 h5 25. Ne3 Bg6 26. f4 gxf3 27. gxf3 Nxf3+ 28. Qxf3
e5 29. Nf5 exd4 30. Nxg7 Kxg7 31. Rxd4 Re5 32. h4 Rfe8 33. Rf1 Re3 34. Qf6+ Kg8
35. Rdf4 Qc8 36. b5 Rg3+ 37. Kf2 Qh3 38. Rg1 Qh2+ 39. Ke3 0-1

[Event "Druzynowe Mistrzostwa Polski - II liga"]
[Site "Dom Wczasowy VIS Jastrzebia Gora"]
[Date "1899-12-30"]
[Round "8.35"]
[White "Jedrocha, Katarzyna"]
[Black "Czarnecka, Lidia"]
[Result "1/2-1/2"]
[WhiteTitle "k"]
[BlackTitle "k"]
[WhiteElo "1978"]
[BlackElo "1957"]

1. e4 c5 2. Nf3 e6 3. c3 d5 4. exd5 Qxd5 5. d4 Nf6 6. Be3 Nbd7 7. Be2 Be7 8. O-O
O-O 9. c4 Qd6 10. Qd2 a6 11. Nc3 cxd4 12. Nxd4 Nc5 13. Qc2 Qc7 14. b3 b6 15. Bf3
Bb7 16. Bxb7 Qxb7 17. Bg5 h6 18. Bh4 Rac8 19. Qe2 Rfd8 20. Rad1 Rd7 21. Nf3 Rcd8
22. Rxd7 Rxd7 23. Rd1 Rxd1+ 24. Qxd1 Nce4 25. Nxe4 Qxe4 26. Bxf6 Bxf6 27. h3 Qc6
28. Qd3 a5 29. Qe2 Kf8 30. Qd3 Ke7 31. Kf1 Qd6 32. Ke2 Qa3 33. Qc2 Kd6 34. Nd2
Kc7 35. g3 Bd4 36. Qd3 Qb2 37. Qb1 Qxb1 38. Nxb1 Kc6 39. f3 Kc5 40. Kd3 f5 41.
a3 Bb2 42. g4 g5 43. Kc2 Be5 44. Kd3 Bb2 45. Kc2 1/2-1/2

[Event "Druzynowe Mistrzostwa Polski - II liga"]
[Site "Dom Wczasowy VIS Jastrzebia Gora"]
[Date "1899-12-30"]
[Round "8.36"]
[White "Mondrzycki, Bartlomiej"]
[Black "Fiedorek, Michal"]
[Result "0-1"]
[WhiteTitle "CM"]
[BlackTitle "FM"]
[WhiteElo "2220"]
[BlackElo "2257"]

1. d4 d5 2. Nf3 Nf6 3. c3 Bf5 4. Qb3 Qc8 5. Bf4 e6 6. e3 Nbd7 7. c4 dxc4 8. Bxc4
Nb6 9. Be2 Nbd5 10. Be5 Be7 11. O-O O-O 12. Nbd2 Qd7 13. Rac1 Rfc8 14. Rfd1 h6
15. Ne1 a5 16. Bd3 a4 17. Qc4 Bg4 18. Ndf3 a3 19. bxa3 Rxa3 20. h3 Bxf3 21. Nxf3
Rca8 22. Bxf6 gxf6 23. Bb1 Qa4 24. Qe2 Nc3 25. Qd3 f5 26. Rf1 Nxa2 27. Qc2 Nxc1
28. Qxc1 Qc6 29. Qd1 Bf6 30. e4 fxe4 31. Ne5 Qb5 32. Qg4+ Bg7 33. Bxe4 Ra1 34.
Rxa1 Rxa1+ 35. Kh2 Ra4 36. Qf4 f5 37. Bxf5 exf5 38. Qxf5 Qe8 39. Ng4 Rxd4 40.
Nf6+ Bxf6 41. Qxf6 Rd6 0-1

[Event "Druzynowe Mistrzostwa Polski - II liga"]
[Site "Dom Wczasowy VIS Jastrzebia Gora"]
[Date "1899-12-30"]
[Round "8.40"]
[White "Piotrowski, Przemyslaw"]
[Black "Krainski, Slawomir"]
[Result "1-0"]
[WhiteTitle "FM"]
[BlackTitle "k"]
[WhiteElo "2219"]
[BlackElo "1982"]

1. d4 d5 2. Nf3 Nf6 3. g3 e6 4. Bg2 Be7 5. O-O O-O 6. c4 c6 7. Nc3 b6 8. b3 Nbd7
9. Bb2 Ba6 10. Nd2 b5 11. Re1 Rc8 12. Rc1 b4 13. Na4 dxc4 14. bxc4 c5 15. Nb3
cxd4 16. Nxd4 Nc5 17. Nc6 Qe8 18. Nxe7+ Qxe7 19. Nxc5 Qxc5 20. Bd4 Qc7 21. Bxf6
gxf6 22. Qd4 Qe5 23. Qxe5 fxe5 24. c5 Rfd8 25. Rc2 Rd4 26. Rec1 Rcd8 27. c6 Rd1+
28. Rxd1 Rxd1+ 29. Bf1 Kf8 30. Rc5 Rd5 31. Rxd5 exd5 32. Bh3 Ke7 33. c7 Kd6 34.
c8=Q Bxc8 35. Bxc8 Kc5 36. Bf5 h6 37. Kf1 Kc4 38. Bc2 f6 39. Bb3+ 1-0

[Event "Druzynowe Mistrzostwa Polski - II liga"]
[Site "Dom Wczasowy VIS Jastrzebia Gora"]
[Date "1899-12-30"]
[Round "8.41"]
[White "Goraj, Barbara"]
[Black "Owczarek, Monika"]
[Result "1-0"]
[WhiteTitle "WCM"]
[BlackTitle "I"]
[WhiteElo "2121"]
[BlackElo "1453"]

1. Nf3 c5 2. c4 Nc6 3. b3 Nf6 4. Bb2 g6 5. g3 Bg7 6. Bg2 O-O 7. O-O Rb8 8. e3 b5
9. cxb5 Rxb5 10. d4 cxd4 11. Nxd4 Nxd4 12. Bxd4 Bb7 13. Nc3 Bxg2 14. Kxg2 Qa8+
15. f3 Rb7 16. e4 d6 17. Qd3 Nd7 18. Bxg7 Kxg7 19. Nd5 Nb6 20. Ne3 Rc8 21. h4
Rbc7 22. h5 f6 23. Rh1 Rc3 24. Qd2 R3c5 25. Qd4 Rxh5 26. Rxh5 gxh5 27. Nf5+ Kf7
28. Qd2 Qb7 29. Qh6 Rc2+ 30. Kh3 Ke6 31. Qxh7 Rc7 32. Rd1 d5 33. Qg8+ Ke5 34.
f4+ Kxe4 35. Qe6+ Kf3 36. Qe3# 1-0

[Event "Druzynowe Mistrzostwa Polski - II liga"]
[Site "Dom Wczasowy VIS Jastrzebia Gora"]
[Date "1899-12-30"]
[Round "8.43"]
[White "Mroziak, Maciej"]
[Black "Kokoszczynski, Jan"]
[Result "1/2-1/2"]
[WhiteTitle "IM"]
[BlackTitle "FM"]
[WhiteElo "2352"]
[BlackElo "2313"]

1. e4 e5 2. Nf3 Nc6 3. Nc3 Nf6 4. Bb5 Nd4 5. Ba4 Bc5 6. Nxe5 O-O 7. Nd3 Bb6 8.
e5 c6 9. O-O Ne8 10. Ne2 d6 11. Nxd4 Bxd4 12. c3 Bf5 13. Qf3 Bxd3 14. Qxd3 Bxe5
15. Bc2 g6 16. f4 Bg7 17. f5 d5 18. Qf3 Qh4 19. d4 Nf6 20. Qf4 Qxf4 21. Bxf4 Rfe8
22. Rae1 Rxe1 23. Rxe1 Re8 24. Rxe8+ Nxe8 25. g4 Bf8 26. Kg2 Bd6 27. Bc1 Kg7 28.
h3 h6 29. fxg6 fxg6 30. Kf3 g5 31. a4 Kf6 32. Bf5 Bc7 33. b3 Nd6 34. Bd3 a6 35.
c4 Nc8 36. Ba3 Ne7 37. Bh7 Ke6 38. Ke3 Kf6 39. Ke2 Ke6 40. Kd3 Kf6 41. Bc5 Ke6
42. Kc3 Bg3 43. Bxe7 Kxe7 44. cxd5 cxd5 45. Bf5 a5 46. Kd3 1/2-1/2

[Event "Druzynowe Mistrzostwa Polski - II liga"]
[Site "Dom Wczasowy VIS Jastrzebia Gora"]
[Date "1899-12-30"]
[Round "8.44"]
[White "Duch, Mariusz"]
[Black "Dzierzak, Radoslaw"]
[Result "1-0"]
[WhiteTitle "k+"]
[BlackTitle "FM"]
[WhiteElo "2194"]
[BlackElo "2254"]

1. Nf3 Nf6 2. g3 d5 3. Bg2 c5 4. O-O e6 5. d3 Nc6 6. Nbd2 Be7 7. e4 Qc7 8. Re1
dxe4 9. dxe4 e5 10. c3 Be6 11. Qe2 O-O 12. Nf1 h6 13. Nh4 Bg4 14. Bf3 Be6 15.
Ne3 Rfd8 16. Nhf5 Bf8 17. Ng4 Nxg4 18. Bxg4 Ne7 19. Nxe7+ Qxe7 20. Be3 c4 21.
Red1 b6 22. h4 g6 23. Bxe6 Qxe6 24. h5 g5 25. g4 Rd3 26. Rxd3 cxd3 27. Qf3 Rd8
28. b3 Qc6 29. Bd2 Bc5 30. Rd1 Rd6 31. Be1 Rf6 32. Qxd3 Rf4 33. b4 Rxg4+ 34. Kf1
Bf8 35. f3 Rf4 36. Bg3 Rf6 37. Bxe5 Re6 38. Qd5 Qe8 39. Bd4 Rd6 40. Qf5 Bg7 41.
Rd2 Qc6 42. e5 Re6 43. Kf2 Qe8 44. Re2 f6 45. Re4 fxe5 46. Be3 Rf6 47. Qg4 Qf7
48. c4 b5 49. Kg2 bxc4 50. Rxc4 Bf8 51. Rc2 Kh8 52. Qe4 Qxh5 53. Rc7 Bg7 54. Rc8+
Rf8 55. Rxf8+ Bxf8 56. Qxe5+ Kg8 57. Qd5+ Qf7 58. Qxf7+ Kxf7 59. b5 Ke6 60. Bxa7
Kd5 61. Be3 Kc4 62. b6 Bd6 63. b7 Kb5 64. Ba7 Ka4 65. b8=Q Bxb8 66. Bxb8 Ka3 67.
Kg3 h5 68. Bd6+ Kxa2 69. Be7 1-0

[Event "Druzynowe Mistrzostwa Polski - II liga"]
[Site "Dom Wczasowy VIS Jastrzebia Gora"]
[Date "1899-12-30"]
[Round "8.45"]
[White "Duda, Lukasz"]
[Black "Flak, Pawel"]
[Result "1-0"]
[WhiteTitle "k++"]
[BlackTitle "k+"]
[WhiteElo "2115"]
[BlackElo "2190"]

1. f4 d5 2. Nf3 c5 3. b3 Nc6 4. Bb2 Nf6 5. e3 Bf5 6. Bb5 Qb6 7. Bxc6+ Qxc6 8. Ne5
Qc7 9. d3 Bd7 10. Nd2 e6 11. Qe2 Bb5 12. c4 Ba6 13. a4 Rd8 14. O-O Be7 15. Ng4
Nxg4 16. Qxg4 Bf6 17. Bxf6 gxf6 18. f5 e5 19. Rad1 h5 20. Qh4 Ke7 21. Nb1 d4 22.
e4 Rdg8 23. Rf3 Rg4 24. Qf2 Rhg8 25. Nd2 Qa5 26. Kf1 Qc3 27. g3 h4 28. Ke2 Qc2
29. Rg1 Rh8 30. h3 hxg3 31. Rgxg3 Rgh4 32. Qg2 Kf8 33. Rg7 R4h6 34. Rfg3 Qc3 35.
Rg8+ Ke7 36. Rxh8 Rxh8 37. Rg8 Rxg8 38. Qxg8 Qc1 39. Qg2 Qc3 40. h4 Qa5 41. h5
Qd8 42. h6 Qf8 43. Qg7 b6 44. Nf3 Bc8 45. Nxe5 fxe5 46. f6+ 1-0

[Event "Druzynowe Mistrzostwa Polski - II liga"]
[Site "Dom Wczasowy VIS Jastrzebia Gora"]
[Date "1899-12-30"]
[Round "8.46"]
[White "Gawronski, Miroslaw"]
[Black "Kalmuk, Krzysztof"]
[Result "1-0"]
[WhiteTitle "m"]
[BlackTitle "I++"]
[WhiteElo "1966"]
[BlackElo "1997"]

1. d4 Nf6 2. Nf3 c6 3. h3 d6 4. c4 g6 5. Nc3 d5 6. e3 Bg7 7. a4 O-O 8. a5 Bf5 9.
Qb3 Qc7 10. cxd5 Nxd5 11. Nxd5 cxd5 12. Qxd5 Qc2 13. Qc4 Rc8 14. Qxc2 Rxc2 15.
b4 Nc6 16. Bd2 e5 17. b5 exd4 18. e4 Bxe4 19. bxc6 Re8 20. Kd1 d3 21. Ra3 Rxc6
22. Bxd3 Bxd3 23. Rxd3 b6 24. Re1 Rxe1+ 25. Bxe1 bxa5 26. Bxa5 Bf6 27. Kd2 Kg7
28. Rd5 Re6 29. g4 h6 30. h4 Be7 31. Bc3+ Bf6 32. Nd4 Ra6 33. g5 hxg5 34. hxg5
Bxg5+ 35. Rxg5 Kh6 36. Rc5 f5 37. Ke2 Kg5 38. Kf3 Rb6 39. Kg3 Ra6 40. Nf3+ Kh6
41. Rc7 g5 42. Bd4 Ra3 43. Bxa7 Kh5 44. Kg2 g4 45. Nd4 f4 46. Rc5+ Kg6 47. Bb8
g3 48. f3 Ra2+ 49. Nc2 Ra4 50. Bxf4 Rxf4 51. Kxg3 Rf8 52. Rd5 Rc8 53. Nd4 Rc1
54. Kf4 Rd1 55. Rd6+ Kf7 56. Ke5 Re1+ 57. Kf5 Rd1 58. f4 Rf1 59. Rd7+ Ke8 60.
Ra7 Rf2 61. Ke6 1-0

[Event "Druzynowe Mistrzostwa Polski - II liga"]
[Site "Dom Wczasowy VIS Jastrzebia Gora"]
[Date "1899-12-30"]
[Round "8.47"]
[White "Pisarek, Elzbieta"]
[Black "Szczypawka, Aleksandra"]
[Result "0-1"]
[WhiteTitle "I++"]
[BlackTitle "I++"]
[WhiteElo "1788"]
[BlackElo "1741"]

1. e4 c5 2. Nf3 d6 3. d4 cxd4 4. Nxd4 Nf6 5. Nc3 a6 6. Be2 e5 7. Nb3 Be7 8. O-O
b6 9. Be3 Bb7 10. Bf3 Nbd7 11. Qd2 O-O 12. a4 Qc7 13. Rad1 Rfd8 14. Qe2 Rac8 15.
Rd2 Nc5 16. Nxc5 dxc5 17. Rfd1 h6 18. Nd5 Nxd5 19. exd5 Bd6 20. Be4 Qd7 21. Qh5
Qxa4 22. f3 Kf8 23. g4 Ke7 24. g5 Rh8 25. Rg2 Rcg8 26. gxh6 gxh6 27. Bxh6 Qe8
28. Rdd2 Bc8 29. Rg3 Kd8 30. Rdg2 Kc7 31. Rxg8 Rxg8 32. Bg7 Bd7 33. Bf5 Bxf5 34.
Qxf5 Qd7 35. Qf6 Re8 36. Qh4 Qf5 37. Qe4 Qd7 38. Bf6 Qb5 39. b3 Qa5 40. Kf1 Qa1+
41. Kf2 Qd4+ 42. Ke2 c4 43. bxc4 Qxe4+ 44. fxe4 a5 45. Kd3 Kd7 46. Kc3 a4 47.
Kb2 Rc8 48. h4 Rxc4 49. h5 Bf8 50. Bxe5 Rxe4 51. Bg7 Bxg7+ 52. Rxg7 Ke7 53. d6+
Kxd6 54. Rxf7 Rh4 55. Rh7 Ke5 56. Rh6 Kd4 57. Rxb6 Rxh5 58. Rb4+ Kc5 59. Rxa4
Rh2 60. Kb3 Kb5 61. c4+ Kc5 62. Ra5+ Kb6 63. Rh5 Rxh5 0-1

[Event "Druzynowe Mistrzostwa Polski - II liga"]
[Site "Dom Wczasowy VIS Jastrzebia Gora"]
[Date "1899-12-30"]
[Round "8.48"]
[White "Janeczko, Jakub"]
[Black "Gnojek, Petr"]
[Result "1/2-1/2"]
[WhiteTitle "I++"]
[BlackTitle "FM"]
[WhiteElo "2159"]
[BlackElo "2335"]

1. e4 c5 2. Nf3 e6 3. d4 cxd4 4. Nxd4 Nf6 5. Nc3 d6 6. g4 h6 7. Bg2 a6 8. Nb3 Nc6
9. h3 g5 10. O-O Ne5 11. f4 gxf4 12. Bxf4 Be7 13. Qd2 h5 14. g5 Nfd7 15. h4 Ng6
16. Bg3 Nde5 17. Nd4 Bd7 18. Nf5 Bc6 19. Rad1 exf5 20. exf5 Qb6+ 21. Bf2 Qb4 22.
fxg6 Qg4 23. gxf7+ Kd7 24. Bd4 Nf3+ 25. Rxf3 Bxf3 26. Bxh8 Bxd1 27. Nxd1 Rxh8
28. Nf2 Qc4 29. g6 Bf6 30. Bh3+ Kc7 31. Qa5+ Kc6 32. Qf5 Bg7 33. Qd7+ Kb6 34.
Qxd6+ Ka7 35. Nd3 Qxh4 36. Bg2 Qg4 37. Qc5+ Ka8 38. Qe7 Rb8 39. Qe4 Qd1+ 40. Kh2
Qxc2 41. Nf4 Qxb2 42. Ne6 Qc3 43. Nxg7 Qxg7 44. Qe6 Ka7 45. Qe3+ Ka8 46. Qb6 Qe5+
47. Kh3 Qf5+ 48. Kh2 Qe5+ 49. Kh3 Qf5+ 50. Kg3 h4+ 51. Kh2 Qe5+ 52. Kh1 Qa1+ 53.
Qg1 Qg7 54. Qf1 Ka7 55. Qf2+ Ka8 56. Qf1 Ka7 1/2-1/2

[Event "Druzynowe Mistrzostwa Polski - II liga"]
[Site "Dom Wczasowy VIS Jastrzebia Gora"]
[Date "1899-12-30"]
[Round "8.49"]
[White "Paseka, Matyas"]
[Black "Dalkowski, Rafal"]
[Result "1-0"]
[WhiteTitle ""]
[BlackTitle "k"]
[WhiteElo "2244"]
[BlackElo "2033"]

1. e4 c5 2. Nf3 g6 3. d4 cxd4 4. Nxd4 Nc6 5. Nc3 Bg7 6. Be3 Nf6 7. Bc4 O-O 8. Bb3
Qa5 9. O-O d6 10. h3 Re8 11. Re1 Bd7 12. Qd3 a6 13. f4 e5 14. Nde2 Rad8 15. a3
exf4 16. Nxf4 Ne5 17. Qf1 Bc6 18. Nfd5 Bxd5 19. Nxd5 Nxd5 20. Bxd5 Qc7 21. c3
b5 22. a4 Nc4 23. axb5 Nxe3 24. Rxe3 Qc5 25. Qf2 axb5 26. Bxf7+ Kh8 27. Bxe8 Rxe8
28. Rf3 Qc4 29. Rf7 Kg8 30. Raa7 Be5 31. Rxh7 b4 32. Rhc7 Qb3 33. Qf1 bxc3 34.
bxc3 Rb8 35. c4 Bd4+ 36. Kh2 Be5+ 37. Kh1 Qb1 38. Rc8+ 1-0

[Event "Druzynowe Mistrzostwa Polski - II liga"]
[Site "Dom Wczasowy VIS Jastrzebia Gora"]
[Date "1899-12-30"]
[Round "8.50"]
[White "Zdybel, Przemyslaw"]
[Black "Denderski, Piotr"]
[Result "1/2-1/2"]
[WhiteTitle "I++"]
[BlackTitle "k"]
[WhiteElo "2002"]
[BlackElo "2246"]

1. e4 c5 2. Nc3 a6 3. g3 b5 4. Bg2 Bb7 5. d3 e6 6. Nh3 Ne7 7. O-O b4 8. Na4 d6
9. a3 a5 10. c3 Nd7 11. f4 Qb8 12. d4 Nc8 13. dxc5 dxc5 14. c4 Nd6 15. Qd3 Bc6
16. b3 Qb7 17. Re1 Be7 18. Ra2 Rd8 19. axb4 axb4 1/2-1/2

[Event "Druzynowe Mistrzostwa Polski - II liga"]
[Site "Dom Wczasowy VIS Jastrzebia Gora"]
[Date "1899-12-30"]
[Round "8.52"]
[White "Suska, Szymon"]
[Black "Bednarski, Dawid"]
[Result "1/2-1/2"]
[WhiteTitle "I"]
[BlackTitle "I+"]
[WhiteElo "1777"]
[BlackElo "1989"]

1. Nf3 Nf6 2. b3 e6 3. Bb2 d5 4. e3 b6 5. d4 Bb7 6. Nbd2 Be7 7. Bb5+ c6 8. Bd3
O-O 9. O-O Nbd7 10. Qe2 c5 11. Ne5 Ne4 12. Nxd7 Qxd7 13. Nxe4 dxe4 14. Bb5 Qc7
15. dxc5 Bxc5 16. Qh5 Qe7 17. Rad1 Rad8 1/2-1/2

[Event "Druzynowe Mistrzostwa Polski - II liga"]
[Site "Dom Wczasowy VIS Jastrzebia Gora"]
[Date "1899-12-30"]
[Round "8.53"]
[White "Orlik, Sandra"]
[Black "Rejniak, Zuzanna"]
[Result "1-0"]
[WhiteTitle "I++"]
[BlackTitle "k"]
[WhiteElo "1840"]
[BlackElo "1834"]

1. d4 Nf6 2. Nf3 g6 3. Bf4 Bg7 4. e3 d5 5. Bd3 O-O 6. Nbd2 c5 7. c3 b6 8. Ne5 Nbd7
9. Qe2 Bb7 10. g4 Ne4 11. Nxd7 Qxd7 12. g5 Nxd2 13. Qxd2 e5 14. Bxe5 Bxe5 15.
dxe5 Qe7 16. f4 c4 17. Bf1 d4 18. Rg1 d3 19. Bg2 Bxg2 20. Qxg2 b5 21. Qc6 Rfc8
22. Qe4 b4 23. a4 bxc3 24. bxc3 Rab8 25. Kf2 Rb2+ 26. Kg3 Rc2 27. Qd4 Qc5 28.
Qxc5 Rxc5 29. Rgc1 Re2 30. Kf3 Rxh2 31. Ke4 Rb2 32. Rab1 d2 33. Rd1 Rb3 34. Rxb3
cxb3 35. Kd3 Ra5 36. Rxd2 Rxa4 37. Rb2 Ra3 38. Kc4 Ra4+ 39. Kxb3 Re4 40. Re2 h6
41. gxh6 f6 42. exf6 Re6 43. Kc4 Rxf6 44. Kd5 Rf5+ 45. Kd4 Kh7 46. c4 Kxh6 47.
c5 Rf7 48. c6 Rf6 49. Rc2 Rf8 50. c7 Rc8 51. Kd5 a5 52. Kd6 1-0

[Event "Druzynowe Mistrzostwa Polski - II liga"]
[Site "Dom Wczasowy VIS Jastrzebia Gora"]
[Date "1899-12-30"]
[Round "8.54"]
[White "Majocha, Piotr"]
[Black "Bebel, Arkadiusz"]
[Result "0-1"]
[WhiteTitle "I++"]
[BlackTitle "FM"]
[WhiteElo "1975"]
[BlackElo "2253"]

1. d4 Nf6 2. Nf3 g6 3. c4 Bg7 4. Nc3 O-O 5. e4 d6 6. h3 e5 7. d5 Nh5 8. g3 f5 9.
exf5 gxf5 10. Nh4 Nf6 11. Be3 Na6 12. Qd2 Nc5 13. O-O-O b6 14. Bd3 e4 15. Be2
a6 16. Ng2 Nfd7 17. b4 Nd3+ 18. Bxd3 exd3 19. f4 Qf6 20. Kb2 b5 21. Qxd3 Nb6 22.
Bd4 Nxc4+ 23. Kb3 Qf7 24. Bxg7 Qxg7 25. Ne3 a5 26. Nxc4 bxc4+ 27. Qxc4 axb4 28.
Qxb4 Bd7 29. Qd4 Qf7 30. Kc2 c5 31. Qc4 Qg7 32. Rb1 Rfe8 33. Kd2 Kf8 34. g4 fxg4
35. hxg4 Bxg4 36. Rbe1 Bf5 37. Rhg1 Qb7 38. Kc1 Reb8 39. Qe2 Ra3 40. Nb5 Rxa2
41. Qxa2 Qxb5 42. Rg3 Qb4 43. Ree3 Qd4 44. Re8+ Rxe8 45. Qa5 Qxf4+ 46. Kb2 Re2+
47. Ka3 Qc1+ 48. Ka4 Bd7+ 0-1

[Event "Druzynowe Mistrzostwa Polski - II liga"]
[Site "Dom Wczasowy VIS Jastrzebia Gora"]
[Date "1899-12-30"]
[Round "8.55"]
[White "Solnicki, Michal"]
[Black "Laszewicz, Pawel"]
[Result "0-1"]
[WhiteTitle "k"]
[BlackTitle "k"]
[WhiteElo "2144"]
[BlackElo "1995"]

1. Nf3 Nf6 2. g3 c5 3. c4 g6 4. b3 Bg7 5. Bb2 b6 6. Bg2 Bb7 7. O-O O-O 8. Nc3 Ne4
9. Qc2 Nxc3 10. Bxc3 Bxc3 11. Qxc3 d5 12. cxd5 Bxd5 13. Rfd1 Nd7 14. d4 Rc8 15.
Qe3 c4 16. bxc4 Bxc4 17. Rd2 Re8 18. Qh6 e6 19. Ng5 Nf8 20. Rad1 Qe7 21. e4 f6
22. Nf3 Rcd8 23. Qe3 Kg7 24. g4 h6 25. h4 Nh7 26. Rc1 0-1

[Event "Druzynowe Mistrzostwa Polski - II liga"]
[Site "Dom Wczasowy VIS Jastrzebia Gora"]
[Date "1899-12-30"]
[Round "8.57"]
[White "Chrzaszcz, Malvina"]
[Black "Machlowski, Slawomir"]
[Result "1-0"]
[WhiteTitle "k+"]
[BlackTitle "I+"]
[WhiteElo "1968"]
[BlackElo "2005"]

1. e4 c5 2. Nf3 e6 3. d4 cxd4 4. Nxd4 Qb6 5. Nb3 Qc7 6. Bd3 a6 7. O-O d6 8. f4
Nf6 9. a4 b6 10. Nc3 Nbd7 11. Qe2 Bb7 12. Bd2 Be7 1-0

[Event "Druzynowe Mistrzostwa Polski - II liga"]
[Site "Dom Wczasowy VIS Jastrzebia Gora"]
[Date "1899-12-30"]
[Round "8.58"]
[White "Szydelko, Michal"]
[Black "Pettersson, Alexander"]
[Result "1/2-1/2"]
[WhiteTitle "I++"]
[BlackTitle "II+"]
[WhiteElo "1699"]
[BlackElo "1849"]

1. e4 c6 2. d4 d5 3. Nc3 dxe4 4. Nxe4 Nf6 5. Ng3 e6 6. Nf3 c5 7. c3 Nc6 8. Bd3
Bd7 9. O-O cxd4 10. Nxd4 Qc7 11. Re1 Be7 12. Qe2 O-O 13. Nxc6 Qxc6 14. Be3 Bc5
15. Bxc5 Qxc5 16. Ne4 Nxe4 17. Qxe4 Qb5 18. b3 Rfd8 19. Rad1 h6 20. h3 Qa6 1/2-1/2

[Event "Druzynowe Mistrzostwa Polski - II liga"]
[Site "Dom Wczasowy VIS Jastrzebia Gora"]
[Date "1899-12-30"]
[Round "8.60"]
[White "Siwiec, Arkadiusz"]
[Black "Rudolf, Michal"]
[Result "1/2-1/2"]
[WhiteTitle "I++"]
[BlackTitle "FM"]
[WhiteElo "2230"]
[BlackElo "2328"]

1. Nf3 Nf6 2. c4 g6 3. d4 Bg7 4. Nc3 O-O 5. e4 d6 6. Be2 Nbd7 7. O-O e5 8. d5 Nc5
9. Qc2 a5 10. Ne1 b6 11. b3 Ne8 12. f3 f5 13. a3 fxe4 14. fxe4 Rxf1+ 15. Bxf1
Qh4 16. g3 Qh5 17. Rb1 Nf6 18. Bg2 Bh3 19. Bxh3 Qxh3 20. b4 axb4 21. axb4 Ncd7
22. Qg2 Qxg2+ 1/2-1/2

[Event "Druzynowe Mistrzostwa Polski - II liga"]
[Site "Dom Wczasowy VIS Jastrzebia Gora"]
[Date "1899-12-30"]
[Round "8.63"]
[White "Chalupnik, Marcin"]
[Black "Grzeskow, Adrian"]
[Result "0-1"]
[WhiteTitle "k++"]
[BlackTitle "I+"]
[WhiteElo "2135"]
[BlackElo "1946"]

1. e4 c6 2. Nc3 d5 3. Nf3 Bg4 4. h3 Bxf3 5. Qxf3 e6 6. d4 Nf6 7. Bd3 dxe4 8. Nxe4
Qxd4 9. O-O Nxe4 10. Bxe4 Nd7 11. Bf4 0-1

[Event "Druzynowe Mistrzostwa Polski - II liga"]
[Site "Dom Wczasowy VIS Jastrzebia Gora"]
[Date "1899-12-30"]
[Round "8.64"]
[White "Statucki, Maciej"]
[Black "Rams, Michal"]
[Result "1/2-1/2"]
[WhiteTitle "I"]
[BlackTitle "k+"]
[WhiteElo "1858"]
[BlackElo "2112"]

1. e4 e6 2. d4 d5 3. Nd2 Nf6 4. e5 Nfd7 5. f4 c5 6. c3 Nc6 7. Ngf3 Qb6 8. g3 a5
9. a4 cxd4 10. cxd4 Ndb8 11. Bd3 Na6 12. Bb1 Nab4 13. O-O Qc7 1/2-1/2

[Event "Druzynowe Mistrzostwa Polski - II liga"]
[Site "Dom Wczasowy VIS Jastrzebia Gora"]
[Date "1899-12-30"]
[Round "8.66"]
[White "Putlak, Wojciech"]
[Black "Niekras, Dawid"]
[Result "0-1"]
[WhiteTitle "I++"]
[BlackTitle "FM"]
[WhiteElo "1994"]
[BlackElo "2309"]

1. Nf3 g6 2. e4 c5 3. g3 Bg7 4. Bg2 Nc6 5. O-O e5 6. d3 Nge7 7. Be3 d6 8. Qd2 O-O
9. Nc3 f5 10. Bh6 f4 11. Bxg7 Kxg7 12. Ne2 Bg4 13. h3 Bxf3 14. Bxf3 Ng8 15. Kg2
g5 16. c3 Nf6 17. d4 h5 18. g4 hxg4 19. hxg4 Ne7 20. Rh1 Ng6 21. Ng1 Nh4+ 22.
Kf1 Rh8 23. Ke2 cxd4 24. cxd4 Qb6 25. b3 Rac8 26. Qd3 exd4 27. Rxh4 Rxh4 28. Rd1
Rh2 29. Qxd4 Rc2+ 30. Kd3 Qxd4+ 31. Kxd4 Rhxf2 32. e5 dxe5+ 33. Kxe5 Rfd2 34.
Rxd2 Rxd2 35. Bxb7 Rb2 36. Nf3 Rxb3 37. axb3 0-1

[Event "Druzynowe Mistrzostwa Polski - II liga"]
[Site "Dom Wczasowy VIS Jastrzebia Gora"]
[Date "1899-12-30"]
[Round "8.67"]
[White "Zakrzewski, Marek"]
[Black "Brylowski, Marian"]
[Result "1-0"]
[WhiteTitle "FM"]
[BlackTitle "I++"]
[WhiteElo "2275"]
[BlackElo "2065"]

1. e4 e5 2. Nf3 Nc6 3. d4 exd4 4. Nxd4 Bc5 5. Nb3 Bb6 6. Nc3 a6 7. Bd3 d6 8. O-O
Be6 9. Kh1 Nge7 10. f4 f6 11. Bd2 Qd7 12. Qf3 Bg4 13. Qg3 h5 14. Be3 h4 15. Qf2
Bxe3 16. Qxe3 O-O-O 17. Nd5 Kb8 18. c4 Rde8 19. Qd2 f5 20. Rae1 Rh7 21. Re3 fxe4
22. Bxe4 Bf5 1-0

[Event "Druzynowe Mistrzostwa Polski - II liga"]
[Site "Dom Wczasowy VIS Jastrzebia Gora"]
[Date "1899-12-30"]
[Round "8.70"]
[White "Grajczak, Adrian"]
[Black "Hemmerling, Jaroslaw"]
[Result "1/2-1/2"]
[WhiteTitle "I++"]
[BlackTitle "I++"]
[WhiteElo "1831"]
[BlackElo "1855"]

1. e4 e5 2. Nf3 Nf6 3. Nc3 Nc6 4. d4 exd4 5. Nxd4 Bb4 6. Nxc6 bxc6 7. Bd3 d5 8.
exd5 O-O 9. O-O Bg4 10. Ne2 cxd5 11. c3 Bd6 12. f3 Bd7 13. Bg5 c6 14. Qd2 Be7
15. Ng3 Ne8 16. Bxe7 Qxe7 17. Rad1 Qf6 18. Qe3 Nd6 19. Nh5 Qh4 20. Qe5 Ne8 21.
g3 Qd8 22. c4 Be6 23. Nf4 Nc7 24. Qh5 g6 25. Qe5 Re8 26. Qc3 d4 27. Qa5 Qd6 28.
Qg5 Qd8 29. Qh6 Qf6 30. Nh5 Qh8 31. Qg5 1/2-1/2

[Event "Druzynowe Mistrzostwa Polski - II liga"]
[Site "Dom Wczasowy VIS Jastrzebia Gora"]
[Date "1899-12-30"]
[Round "8.71"]
[White "Kostecka, Marika"]
[Black "Baginskaite, Kamile"]
[Result "0-1"]
[WhiteTitle "WCM"]
[BlackTitle "WGM"]
[WhiteElo "1868"]
[BlackElo "2125"]

1. e4 c5 2. Nc3 Nc6 3. Bb5 Nd4 4. Nf3 Nxb5 5. Nxb5 d6 6. d4 Nf6 7. Nc3 cxd4 8.
Qd2 d3 9. Qxd3 e5 10. Nd2 h6 11. Nc4 Be6 12. Ne3 Rc8 13. Kf1 Be7 14. Kg1 O-O 0-1

[Event "Druzynowe Mistrzostwa Polski - II liga"]
[Site "Dom Wczasowy VIS Jastrzebia Gora"]
[Date "1899-12-30"]
[Round "8.72"]
[White "Klepek, Witold"]
[Black "Jaskolka, Tomasz"]
[Result "1/2-1/2"]
[WhiteTitle "k++"]
[BlackTitle "CM"]
[WhiteElo "2182"]
[BlackElo "2213"]

1. e4 c5 2. Nf3 e6 3. d4 cxd4 4. Nxd4 Nc6 5. Nb5 d6 6. c4 Nf6 7. N1c3 a6 8. Na3
Qa5 9. Bd2 Be7 10. Be2 O-O 11. O-O Qe5 12. Bf3 Nd4 13. Nc2 Nxf3+ 14. Qxf3 b5 15.
Bf4 Qh5 16. cxb5 Qxf3 17. gxf3 axb5 18. Rfd1 e5 19. Bg5 Bd7 20. Bxf6 gxf6 21.
Nd5 Bd8 22. Nde3 Be6 23. b3 Bb6 24. Rxd6 Bxe3 25. Nxe3 Bxb3 26. Nc2 Be6 1/2-1/2